000 00340cam a22001097a 4500
008 180718b1960 xxu||||| |||| 00| 0 eng d
082 _aT31x42 Un3p
245 _aReport of the committee on shares of no par value
_cby Board of Trade
260 _aLondon
_bHer Majesty's Stationery Office
_c1960
300 _a31p
700 _aU.K. Board of Trade
999 _c423331
_d423331